| 000 | 00502nam a2200193 a 4500 | ||
|---|---|---|---|
| 005 | 20140412111243.0 | ||
| 008 | 001118s19uu xx 00 eng d | ||
| 020 | _a0-30760245-1 | ||
| 050 |
_aER _bJu87 |
||
| 100 | _aDisney, Walt | ||
| 245 |
_aThe Jungle book / _cWalt Disney. |
||
| 260 |
_aUk : _bLadybird, _c1994. |
||
| 300 | _a1 v. (unp.) ; col. ; ill. | ||
| 650 | _aJungles--Fiction | ||
| 650 | _aAnimals--Fiction | ||
| 650 | _aShort stories | ||
| 650 | _aIndia -- Fiction | ||
| 999 |
_c102816 _d102816 |
||